[Event "Hamburg HSK Easter op"]
[Site "Hamburg"]
[Date "2024.03.29"]
[Round "2"]
[White "Wiethuechter, Samuel"]
[Black "Neutsch, Steffen"]
[Result "0-1"]
[WhiteElo "1904"]
[BlackElo "1996"]
[PlyCount "88"]
[EventDate "2024.03.29"]
[EventType "swiss"]
[EventRounds "7"]
[EventCountry "GER"]
[SourceTitle "CB18_2024"]
[SourceDate "2024.05.01"]
[SourceVersion "1"]
[SourceVersionDate "2024.05.01"]
[SourceQuality "2"]

1. e4 c6 2. d4 d5 3. Nc3 dxe4 4. Nxe4 Bf5 5. Ng3 Bg6 6. h4 h6 7. Nf3 Nd7 8. h5 Bh7 9. Bd3 Bxd3 10. Qxd3 e6 11. Bf4 Qa5+ 12. Nd2 Ngf6 13. c3 Nd5 14. Be3 Be7 15. Nc4 Qc7 16. Bd2 b5 17. Na3 0-0 18. Ne4 f5 19. Ng3 N7f6 20. Qe2 Kf7 21. Nc2 Bd6 22. Qf3 Rae8 23. 0-0-0 a5 24. Ne1 c5 25. dxc5 Bxc5 26. Kb1 b4 27. Rc1 bxc3 28. Bxc3 Qb6 29. Nd3 Nxc3+ 30. Rxc3 Bd4 31. Rb3 Qd6 32. Rb7+ Kg8 33. Ne2 Ne4 34. Rd1 Qc6 35. Rb3 Bf6 36. Qf4 Rc8 37. Rc1 Qd5 38. Qe3 a4 39. Rb6 a3 40. b3 Rxc1+ 41. Kxc1 Rc8+ 42. Kd1 Nxf2+ 43. Qxf2 Qxd3+ 44. Ke1 Qb1+ 0-1